000 00502nam a2200181Ia 4500
003 OSt
005 20250310102249.0
008 210210b1962 xxu||||| |||| 00| 0 eng d
040 _cAL
041 _aKannada
082 _a853/25
100 _aALASINGARACHARYA
_9141658
_dಅಳಸಿಂಗಾರಾಚಾರ್ಯ
245 _aPancharatra rupakam
_bಪಂಚರಾತ್ರ ರೂಪಕಂ
260 _aMadarasu
_b-
_c1962
690 _aKannada Drama
_9141661
906 _a019297
942 _2ddc
_cBK
999 _c143418
_d143418